[Event "ESP-ch 89th"]
[Site "Marbella"]
[Date "2024.12.19"]
[Round "9"]
[White "Villa Tornero, Alex"]
[Black "Sicilia Laino, Juan Diego"]
[Result "1-0"]
[WhiteElo "2238"]
[BlackElo "2072"]
[PlyCount "55"]
[EventDate "2024.12.11"]
[EventType "swiss"]
[EventRounds "9"]
[EventCountry "ESP"]
[SourceTitle "CB52_2024"]
[SourceDate "2024.12.25"]
[SourceVersion "1"]
[SourceVersionDate "2024.12.25"]
[SourceQuality "1"]

1. e4 e5 2. Nf3 Nc6 3. Bb5 a6 4. Ba4 Nge7 5. 0-0 g6 6. c3 Bg7 7. d4 exd4 8. cxd4 b5 9. Bb3 0-0 10. Nc3 Na5 11. Bc2 d5 12. Bg5 f6 13. Bf4 Bb7 14. Re1 Nc4 15. b3 Nd6 16. e5 fxe5 17. Bxe5 b4 18. Bxg7 Kxg7 19. Na4 Ne4 20. Bxe4 dxe4 21. Nc5 Qc8 22. Ng5 Bd5 23. Nge6+ Bxe6 24. Rxe4 Bd5 25. Rxe7+ Rf7 26. Qe2 Qf5 27. Re1 a5 28. Re5 1-0

[Event "ESP-ch 89th"]
[Site "Marbella"]
[Date "2024.12.12"]
[Round "2"]
[White "Gutierrez Lupion, Nuria"]
[Black "Sicilia Laino, Juan Diego"]
[Result "0-1"]
[WhiteElo "1802"]
[BlackElo "2072"]
[PlyCount "86"]
[EventDate "2024.12.11"]
[EventType "swiss"]
[EventRounds "9"]
[EventCountry "ESP"]
[SourceTitle "CB52_2024"]
[SourceDate "2024.12.25"]
[SourceVersion "1"]
[SourceVersionDate "2024.12.25"]
[SourceQuality "1"]

1. e4 e5 2. Nf3 Nc6 3. Bc4 Nf6 4. d3 Bc5 5. c3 d6 6. Bb3 a6 7. Nbd2 Ba7 8. Nf1 Be6 9. Bc2 d5 10. Qe2 Qd6 11. Ng3 0-0-0 12. Be3 dxe4 13. dxe4 Bxe3 14. Qxe3 Ng4 15. Qe2 Na5 16. b3 Qc5 17. 0-0 Qxc3 18. h3 Nf6 19. Rfc1 Nc6 20. Nf5 g6 21. Ne3 Nd4 22. Nxd4 Qxd4 23. Qf3 Nh5 24. Nd5 Bxd5 25. exd5 Rd7 26. Be4 Qb6 27. a4 Nf6 28. a5 Qd6 29. Rd1 Nxe4 30. Qxe4 f5 31. Qc4 Kd8 32. b4 Ke7 33. b5 Rhd8 34. Rab1 Kf8 35. bxa6 Qxa6 36. Qb4+ Kg8 37. Qxb7 Qxa5 38. Rb5 Qc3 39. Rdb1 e4 40. R5b3 Qe5 41. Rc1 Rxd5 42. g3 c5 43. Rb5 e3 0-1

[Event "Iberoamerican-ch 10th"]
[Site "Linares"]
[Date "2024.09.26"]
[Round "3"]
[White "Sicilia Laino, Juan Diego"]
[Black "Iglesias Ferreira, Andres"]
[Result "1-0"]
[WhiteElo "2090"]
[BlackElo "2285"]
[PlyCount "51"]
[EventDate "2024.09.25"]
[EventType "swiss"]
[EventRounds "9"]
[EventCountry "ESP"]
[SourceTitle "EXT 2025"]
[Source "ChessBase"]
[SourceDate "2024.10.14"]
[SourceVersion "1"]
[SourceVersionDate "2024.10.14"]
[SourceQuality "1"]

1. e4 c5 2. Nf3 d6 3. d4 cxd4 4. Nxd4 Nf6 5. Nc3 a6 6. f4 e5 7. Nf5 Nxe4 8. Nxg7+ Bxg7 9. Nxe4 d5 10. Ng3 0-0 11. Be2 e4 12. f5 Qa5+ 13. c3 Qc5 14. Bg5 Be5 15. Qd2 f6 16. Bh6 Rd8 17. Nxe4 Qe7 18. Ng3 Nc6 19. 0-0 d4 20. Bc4+ Kh8 21. Nh5 dxc3 22. Qe2 Rg8 23. bxc3 b5 24. Bxg8 Bd4+ 25. cxd4 Qxe2 26. Bf7 1-0

[Event "Iberoamerican-ch 10th"]
[Site "Linares"]
[Date "2024.09.25"]
[Round "1"]
[White "Sicilia Laino, Juan Diego"]
[Black "Ynojosa Aponte, Felix Jose"]
[Result "0-1"]
[WhiteElo "2090"]
[BlackElo "2398"]
[PlyCount "73"]
[EventDate "2024.09.25"]
[EventType "swiss"]
[EventRounds "9"]
[EventCountry "ESP"]
[SourceTitle "EXT 2025"]
[Source "ChessBase"]
[SourceDate "2024.10.14"]
[SourceVersion "1"]
[SourceVersionDate "2024.10.14"]
[SourceQuality "1"]

1. e4 c5 2. Nf3 Nc6 3. d4 cxd4 4. Nxd4 e5 5. Nb5 d6 6. N1c3 a6 7. Na3 b5 8. Nd5 Nf6 9. Bg5 Be7 10. Bxf6 Bxf6 11. c3 Bg5 12. g3 0-0 13. h4 Bh6 14. Bh3 Be6 15. Nc2 Rb8 16. Nce3 Bxe3 17. Nxe3 Qd7 18. Bf5 b4 19. Qh5 g6 20. Qh6 Ne7 21. Bxe6 Qxe6 22. h5 bxc3 23. bxc3 Rfc8 24. hxg6 Qxg6 25. Qh4 Rb7 26. c4 Nc6 27. Nd5 Nd4 28. Kf1 Nf3 29. Nf6+ Kg7 30. Nh5+ Kf8 31. Qf6 Nd2+ 32. Kg1 Nxe4 33. Qh8+ Qg8 34. Qxg8+ Kxg8 35. Rd1 Rb2 36. Rh4 f5 37. Rxe4 0-1

[Event "Almansa op-B"]
[Site "Almansa"]
[Date "2022.08.12"]
[Round "5"]
[White "Selva Salvador, Antonio"]
[Black "Sicilia Laino, Juan Diego"]
[Result "1/2-1/2"]
[WhiteElo "1982"]
[BlackElo "1900"]
[PlyCount "95"]
[EventDate "2022.08.10"]
[EventType "swiss"]
[EventRounds "8"]
[EventCountry "ESP"]
[SourceTitle "CBM 210 Extra"]
[Source "ChessBase"]
[SourceDate "2022.11.30"]
[SourceVersion "1"]
[SourceVersionDate "2022.11.30"]
[SourceQuality "1"]

1. d4 Nf6 2. Bf4 d5 3. e3 c5 4. c3 Nc6 5. Bd3 Qb6 6. Qb3 c4 7. Qxb6 axb6 8. Bc2 b5 9. b4 cxb3 10. Bxb3 Bf5 11. f3 e6 12. Ne2 Be7 13. Kf2 0-0 14. Nd2 Bd3 15. Nc1 Bc4 16. Rb1 Ra3 17. Bxc4 bxc4 18. Rxb7 Rxc3 19. Rc7 Nb4 20. Rxe7 Rxc1 21. Rxc1 Nd3+ 22. Kg3 Nxc1 23. Bd6 c3 24. Nb3 Nxb3 25. axb3 Rc8 26. Ba3 c2 27. Bc1 Ne8 28. Ra7 Nd6 29. Kf2 h6 30. Ra5 Rc3 31. Rc5 Rxb3 32. Rxc2 Nc4 33. Ke2 Kh7 34. Kf2 g5 35. g4 Kg6 36. Ke2 f5 37. h3 Rb8 38. Rc3 Ra8 39. Rc2 fxg4 40. hxg4 h5 41. gxh5+ Kxh5 42. Kf2 Kh4 43. Kg2 g4 44. fxg4 Kxg4 45. Rf2 Ra1 46. Rf4+ Kg5 47. Rf1 Kg4 48. Rf4+ 1/2-1/2

[Event "Almansa op-B"]
[Site "Almansa"]
[Date "2022.08.11"]
[Round "3"]
[White "Sicilia Laino, Juan Diego"]
[Black "Bricio Garcia de la Torre, Jesus"]
[Result "1-0"]
[WhiteElo "1900"]
[BlackElo "1706"]
[PlyCount "93"]
[EventDate "2022.08.10"]
[EventType "swiss"]
[EventRounds "8"]
[EventCountry "ESP"]
[SourceTitle "CBM 210 Extra"]
[Source "ChessBase"]
[SourceDate "2022.11.30"]
[SourceVersion "1"]
[SourceVersionDate "2022.11.30"]
[SourceQuality "1"]

1. e4 c6 2. d4 d5 3. exd5 cxd5 4. Bd3 Nc6 5. c3 Qc7 6. Ne2 Bg4 7. f3 Bh5 8. Bf4 Qb6 9. Qb3 Nf6 10. Qxb6 axb6 11. Bc7 e6 12. Bxb6 Bd6 13. Bc5 Bxc5 14. dxc5 Nd7 15. b4 Nde5 16. Bc2 Nc4 17. Kf2 Bg6 18. Bxg6 hxg6 19. h3 Ra4 20. Rd1 Kd7 21. Nd2 N6e5 22. Nxc4 Nxc4 23. Nc1 Rha8 24. Rb1 Kc6 25. Rd4 Re8 26. Rh4 f5 27. Rh7 Re7 28. Ra1 e5 29. Ne2 Ra3 30. Rh8 Kc7 31. f4 e4 32. Nd4 Ra4 33. b5 b6 34. Nc6 Rd7 35. Nb8 Rd8 36. Na6+ Kc8 37. Rh7 d4 38. Rxg7 e3+ 39. Ke1 Rxa6 40. bxa6 bxc5 41. a7 Nb6 42. cxd4 Rxd4 43. Rb1 Rd6 44. Rxb6 Rxb6 45. a8Q+ Rb8 46. Qc6+ Kd8 47. Qd7# 1-0

[Event "ESP-ch U16 Rapid"]
[Site "Salobrena"]
[Date "2022.07.31"]
[Round "8"]
[White "Sicilia Laino, Juan Diego"]
[Black "Cernadas Camean, David"]
[Result "0-1"]
[WhiteElo "1486"]
[BlackElo "1760"]
[PlyCount "81"]
[EventDate "2022.07.30"]
[EventType "swiss (rapid)"]
[EventRounds "9"]
[EventCountry "ESP"]
[SourceTitle "EXT 2023"]
[Source "ChessBase"]
[SourceDate "2022.10.05"]
[SourceVersion "1"]
[SourceVersionDate "2022.10.05"]
[SourceQuality "1"]

1. e4 c5 2. Nf3 Nc6 3. d4 cxd4 4. Nxd4 Nf6 5. Nc3 e5 6. Ndb5 d6 7. Bg5 a6 8. Na3 b5 9. Nd5 Be7 10. Bxf6 Bxf6 11. c3 0-0 12. g3 Bg5 13. h4 Bh6 14. Bh3 Bxh3 15. Rxh3 f5 16. exf5 Rxf5 17. g4 Rf8 18. g5 Bxg5 19. hxg5 Qxg5 20. Rg3 Qh4 21. Ne3 b4 22. Qd5+ Kh8 23. Nac2 Ne7 24. Qg2 Ng6 25. Rg4 Qh5 26. 0-0-0 Nf4 27. Qh1 Nd3+ 28. Kb1 Qxh1 29. Rxh1 Nxf2 30. Rhg1 Nxg4 31. Rxg4 bxc3 32. bxc3 Rf4 33. Rg1 Rc8 34. Nd5 Rf2 35. Rg3 Rc5 36. Rd3 h5 37. Ne7 g5 38. Nb4 Rb5 39. Kc1 a5 40. Nc2 Rc5 41. Na3 0-1

[Event "ESP-ch U16"]
[Site "Salobrena"]
[Date "2022.07.29"]
[Round "7"]
[White "Garcia Caro, Juan Alber"]
[Black "Sicilia Laino, Juan Diego"]
[Result "1-0"]
[WhiteElo "2140"]
[BlackElo "1900"]
[PlyCount "69"]
[EventDate "2022.07.25"]
[EventType "swiss"]
[EventRounds "9"]
[EventCountry "ESP"]
[SourceTitle "EXT 2023"]
[Source "ChessBase"]
[SourceDate "2022.10.05"]
[SourceVersion "1"]
[SourceVersionDate "2022.10.05"]
[SourceQuality "1"]

1. d4 Nf6 2. c4 c5 3. d5 b5 4. Qc2 b4 5. e4 d6 6. f4 e5 7. dxe6 fxe6 8. Nf3 Bb7 9. Bd3 Nc6 10. 0-0 e5 11. f5 Be7 12. a3 a5 13. Kh1 h6 14. Nh4 Nd4 15. Qd1 Nxe4 16. Qh5+ Kd7 17. Bxe4 Bxe4 18. Ng6 Rf8 19. Nxf8+ Qxf8 20. f6 gxf6 21. Nd2 Bc6 22. Nf3 Qg8 23. Qh3+ Kc7 24. Nxd4 cxd4 25. Bd2 Qg6 26. axb4 Rg8 27. Rg1 Qc2 28. b5 Qxd2 29. bxc6 Kxc6 30. Qe6 Rg7 31. Qc8+ Kb6 32. Qb8+ Kc6 33. Qb5+ Kc7 34. Rxa5 Rxg2 35. Ra7+ 1-0

[Event "ESP-ch U16"]
[Site "Salobrena"]
[Date "2022.07.27"]
[Round "5"]
[White "Sicilia Laino, Juan Diego"]
[Black "Rodriguez Avila, Alvaro"]
[Result "1-0"]
[WhiteElo "1900"]
[BlackElo "2106"]
[PlyCount "71"]
[EventDate "2022.07.25"]
[EventType "swiss"]
[EventRounds "9"]
[EventCountry "ESP"]
[SourceTitle "EXT 2023"]
[Source "ChessBase"]
[SourceDate "2022.10.05"]
[SourceVersion "1"]
[SourceVersionDate "2022.10.05"]
[SourceQuality "1"]

1. e4 c5 2. Nf3 d6 3. d4 cxd4 4. Nxd4 Nf6 5. Nc3 Nc6 6. Bg5 e6 7. Qd2 a6 8. 0-0-0 Bd7 9. f3 Nxd4 10. Qxd4 h6 11. Be3 Bc6 12. g4 d5 13. exd5 Nxd5 14. Bc4 Nxe3 15. Qxe3 Qg5 16. f4 Qc5 17. Qd3 Be7 18. Ne4 Qa5 19. Rhg1 0-0 20. Kb1 Rfd8 21. Qe2 b5 22. Bd3 Rd4 23. g5 Bd5 24. Nc3 b4 25. Nxd5 Qxd5 26. gxh6 Bf6 27. hxg7 b3 28. axb3 Rb8 29. Qg2 Qh5 30. Qg4 Qh6 31. Qg3 Rxf4 32. Bh7+ Qxh7 33. Qxf4 Rc8 34. Qxf6 Qxc2+ 35. Ka2 Qc7 36. Qd4 1-0

[Event "Laujar de Andarax op 1st"]
[Site "Laujar de Andarax"]
[Date "2021.10.11"]
[Round "6"]
[White "Jarque Megias, Juan Jose"]
[Black "Sicilia Laino, Juan Diego"]
[Result "1-0"]
[WhiteElo "2013"]
[BlackElo "2017"]
[PlyCount "87"]
[EventDate "2021.10.08"]
[EventType "swiss"]
[EventRounds "7"]
[EventCountry "ESP"]
[SourceTitle "EXT 2023"]
[Source "ChessBase"]
[SourceDate "2022.10.05"]
[SourceVersion "1"]
[SourceVersionDate "2022.10.05"]
[SourceQuality "1"]

1. e4 e5 2. Nf3 Nc6 3. Bb5 a6 4. Ba4 d6 5. c3 Bd7 6. 0-0 g6 7. d4 Bg7 8. Re1 Nge7 9. dxe5 Nxe5 10. Nxe5 dxe5 11. Be3 Bxa4 12. Qxa4+ Qd7 13. Qb3 0-0 14. Na3 Qc6 15. Rad1 h6 16. Qc4 Qxc4 17. Nxc4 Rfd8 18. Bc5 Nc6 19. Ne3 Rxd1 20. Rxd1 Rd8 21. Nd5 Kh8 22. Kf1 b6 23. Ba3 Na7 24. Ke2 Nb5 25. Be7 Rd7 26. a4 c6 27. Nxb6 Nxc3+ 28. bxc3 Rxe7 29. Rd8+ Kh7 30. Rc8 f5 31. Rxc6 fxe4 32. Rc4 e3 33. Kxe3 e4 34. Nd5 Re5 35. Nb4 Rh5 36. h3 Rg5 37. g4 h5 38. Nxa6 hxg4 39. hxg4 Rxg4 40. Nc5 Bh6+ 41. Ke2 Bg7 42. Nxe4 Kh6 43. a5 Bxc3 44. a6 1-0

[Event "Laujar de Andarax op 1st"]
[Site "Laujar de Andarax"]
[Date "2021.10.09"]
[Round "3"]
[White "Sicilia Laino, Juan Diego"]
[Black "Buenafe Moya, Javier"]
[Result "0-1"]
[WhiteElo "2017"]
[BlackElo "2201"]
[PlyCount "54"]
[EventDate "2021.10.08"]
[EventType "swiss"]
[EventRounds "7"]
[EventCountry "ESP"]
[SourceTitle "EXT 2023"]
[Source "ChessBase"]
[SourceDate "2022.10.05"]
[SourceVersion "1"]
[SourceVersionDate "2022.10.05"]
[SourceQuality "1"]

1. e4 e5 2. Nf3 Nc6 3. Bc4 Bc5 4. c3 Nf6 5. d3 d6 6. 0-0 0-0 7. h3 Bb6 8. b4 Ne7 9. Re1 Ng6 10. d4 h6 11. Bd3 Re8 12. d5 Nh5 13. Be3 Nhf4 14. Kh2 c6 15. c4 Bd4 16. Nxd4 exd4 17. Bxd4 Nxg2 18. Kxg2 Bxh3+ 19. Kf3 cxd5 20. cxd5 Nh4+ 21. Ke3 Nf5+ 22. Kd2 Nxd4 23. Re3 Bd7 24. Nc3 Qf6 25. f3 Rac8 26. Rc1 Qf4 27. Qg1 Nxf3+ 0-1

[Event "ESP-ch U14"]
[Site "Salobrena"]
[Date "2020.08.07"]
[Round "8"]
[White "Serrano Almendros, Angel"]
[Black "Sicilia Laino, Juan Diego"]
[Result "1/2-1/2"]
[WhiteElo "2014"]
[BlackElo "1888"]
[PlyCount "118"]
[EventDate "2020.08.03"]
[EventType "swiss"]
[EventRounds "9"]
[EventCountry "ESP"]
[SourceTitle "EXT 2021"]
[Source "ChessBase"]
[SourceDate "2020.10.23"]
[SourceVersion "1"]
[SourceVersionDate "2020.10.23"]
[SourceQuality "1"]

1. e4 c5 2. Nf3 g6 3. c3 Bg7 4. d4 cxd4 5. cxd4 d5 6. exd5 Qxd5 7. Nc3 Qd8 8. Be3 Nf6 9. Ne5 0-0 10. Bc4 Nbd7 11. h3 Nb6 12. Bb3 Nfd5 13. Qd2 Be6 14. 0-0 Nxe3 15. Qxe3 Bxb3 16. axb3 a6 17. Qe4 Rb8 18. Rfd1 e6 19. Rac1 Qe7 20. Na4 Nxa4 21. bxa4 Rfd8 22. Rc4 Bxe5 23. Qxe5 Qd6 24. Qa5 b5 25. axb5 Rxb5 26. Qc3 a5 27. Ra1 Qb6 28. Ra2 Rb4 29. Rxb4 axb4 30. Qc5 Qd6 31. Ra4 Qxd4 32. Qxb4 Qd1+ 33. Kh2 Qc2 34. f3 Qc7+ 35. Qf4 Qxf4+ 36. Rxf4 Rb8 37. b4 Rb5 38. Kg3 Kg7 39. Kf2 f5 40. Ke3 Kf6 41. Kd3 Ke5 42. Rd4 Rb7 43. f4+ Kf6 44. Kc3 g5 45. g3 gxf4 46. gxf4 Rb6 47. Rd7 h6 48. Kc4 e5 49. Kc5 Re6 50. fxe5+ Rxe5+ 51. Rd5 Re3 52. h4 f4 53. Rd6+ Kf5 54. Rxh6 f3 55. Rh8 Re6 56. Rf8+ Rf6 57. Rd8 f2 58. Rd1 Kg4 59. Rf1 Kxh4 1/2-1/2

[Event "ESP-ch U14"]
[Site "Salobrena"]
[Date "2020.08.06"]
[Round "6"]
[White "Sicilia Laino, Juan Diego"]
[Black "Bernado Lopez, Roger"]
[Result "1/2-1/2"]
[WhiteElo "1888"]
[BlackElo "2148"]
[PlyCount "124"]
[EventDate "2020.08.03"]
[EventType "swiss"]
[EventRounds "9"]
[EventCountry "ESP"]
[SourceTitle "EXT 2021"]
[Source "ChessBase"]
[SourceDate "2020.10.23"]
[SourceVersion "1"]
[SourceVersionDate "2020.10.23"]
[SourceQuality "1"]

1. e4 e6 2. d4 d5 3. Bd3 dxe4 4. Bxe4 Nf6 5. Bf3 c5 6. Ne2 Nc6 7. Be3 cxd4 8. Nxd4 Ne5 9. 0-0 a6 10. Qe2 Bd6 11. Nc3 0-0 12. Bg5 Qc7 13. Bxf6 gxf6 14. Ne4 Be7 15. c3 Kh8 16. Rad1 Rg8 17. Kh1 Rb8 18. Bh5 f5 19. Ng3 Ng6 20. Qd2 b5 21. Rfe1 Rg7 22. Be2 Nf4 23. Bf3 Bc5 24. Nh5 Nxh5 25. Bxh5 Bb7 26. Bf3 Bxd4 27. Qxd4 Bxf3 28. gxf3 Qc6 29. Qd3 Qc4 30. Rg1 Rxg1+ 31. Kxg1 Qxd3 32. Rxd3 Rb6 33. f4 Kg7 34. Kg2 Rc6 35. Rd4 Kf6 36. Kf3 Ke7 37. a4 Rc5 38. Ke3 f6 39. Kd2 h6 40. axb5 axb5 41. Ke3 e5 42. fxe5 fxe5 43. Rh4 Rc6 44. Rh5 Rf6 45. Kd3 Kd6 46. Rh3 Kc5 47. b4+ Kd5 48. Rh4 e4+ 49. Kc2 Ke5 50. Rh3 Kf4 51. Kd2 Ra6 52. Ke2 Ke5 53. Kf1 Kd5 54. Kg2 Rf6 55. Kg3 Ke5 56. Kg2 Rg6+ 57. Kf1 Kd5 58. Rh5 Rf6 59. Ke2 Ke5 60. Rh3 Kf4 61. Rg3 Rc6 62. Kd2 Ke5 1/2-1/2

[Event "Andalucia-chB"]
[Site "Roquetas de Mar"]
[Date "2017.05.21"]
[Round "5"]
[White "Sicilia Laino, Juan Diego"]
[Black "Gutierrez Lupion, Daniel"]
[Result "0-1"]
[WhiteElo "1366"]
[BlackElo "1605"]
[PlyCount "158"]
[EventDate "2017.05.19"]
[EventType "swiss"]
[EventRounds "6"]
[EventCountry "ESP"]
[SourceTitle "EXT 2020"]
[Source "ChessBase"]
[SourceDate "2019.10.17"]
[SourceVersion "1"]
[SourceVersionDate "2019.10.17"]
[SourceQuality "1"]

1. d4 Nf6 2. Nf3 e6 3. e3 b6 4. Bd3 c5 5. c3 cxd4 6. exd4 Bb7 7. 0-0 Bd6 8. h3 Bc7 9. Bg5 0-0 10. Nbd2 h6 11. Bh4 d6 12. Bg3 Nbd7 13. Re1 Re8 14. Nc4 Qb8 15. Qe2 b5 16. Ncd2 a6 17. Bc2 e5 18. Qd1 e4 19. Nh2 d5 20. Bxc7 Qxc7 21. Re3 Qf4 22. Qe2 Re6 23. Rf1 Rae8 24. a4 Bc6 25. a5 Kf8 26. b4 Bb7 27. Bb3 R8e7 28. Re1 Re8 29. Rf1 Nb8 30. Ba2 Nbd7 31. Bb3 Ng8 32. Qe1 Ne7 33. f3 Nf5 34. Rxe4 dxe4 35. Bxe6 Rxe6 36. fxe4 Qe3+ 37. Qxe3 Nxe3 38. Rf3 Nc2 39. d5 Re8 40. Rd3 Na3 41. Nhf3 Nc4 42. Nxc4 bxc4 43. Rd4 Rc8 44. Nd2 Ne5 45. Kf2 Ke7 46. Ke3 Kd6 47. Kf4 Rc7 48. Ke3 Bc8 49. Kf4 Bd7 50. Ke3 Bb5 51. Nb1 Bd7 52. Na3 Bb5 53. Kf4 Ng6+ 54. Ke3 Ne5 55. Kf4 g6 56. g4 Bd7 57. Nc2 Nd3+ 58. Ke3 f5 59. gxf5 gxf5 60. exf5 Bxf5 61. Na3 Re7+ 62. Kd2 Ne5 63. Nxc4+ Nxc4+ 64. Rxc4 Kxd5 65. Rh4 Re6 66. Rd4+ Kc6 67. h4 Rd6 68. Ke3 Rxd4 69. Kxd4 h5 70. c4 Bg4 71. Ke5 Be2 72. c5 Kb5 73. Kd6 Kxb4 74. c6 Kxa5 75. Kc5 Ka4 76. c7 Bg4 77. Kc4 Ka5 78. Kc5 Bf5 79. Kd5 Kb6 0-1

[Event "Almeria Suqui U1600 op"]
[Site "Almeria"]
[Date "2015.07.26"]
[Round "8.5"]
[White "Sicilia Laino, Juan Diego"]
[Black "Perez Jimenez, Jose Manuel"]
[Result "0-1"]
[WhiteElo "1383"]
[BlackElo "1278"]
[PlyCount "114"]
[EventDate "2015.07.24"]
[EventType "tourn"]
[EventRounds "9"]
[EventCountry "ESP"]
[SourceTitle "EXT 2024"]
[Source "ChessBase"]
[SourceDate "2023.10.10"]
[SourceVersion "1"]
[SourceVersionDate "2023.10.10"]
[SourceQuality "1"]

1. e4 e5 2. Nf3 Nc6 3. Bc4 Bc5 4. 0-0 Nf6 5. d3 d6 6. Ng5 0-0 7. Nc3 h6 8. Nf3 Bg4 9. h3 Bh5 10. Be3 Nd4 11. Bxd4 Bxd4 12. Rb1 Bxc3 13. bxc3 b6 14. Re1 Rb8 15. d4 Re8 16. g4 Bg6 17. dxe5 dxe5 18. Qxd8 Rbxd8 19. Rbd1 Rxd1 20. Rxd1 Bxe4 21. Nh4 Bxc2 22. Re1 g5 23. Nf5 Bxf5 24. gxf5 Kf8 25. Kg2 c6 26. Ba6 Re7 27. Rd1 Rd7 28. Re1 Rd5 29. Bb7 Rc5 30. Re3 Ke7 31. Ba6 b5 32. Kf3 Kd6 33. Ke2 Nd5 34. Rd3 Rxc3 35. Rxc3 Nxc3+ 36. Kd3 Nd5 37. f6 Nb4+ 38. Ke3 Nxa6 39. f3 c5 40. Kd3 c4+ 41. Ke3 Kc5 42. Kd2 Kd4 43. Kc1 Kc3 44. f4 Nb4 45. a3 Na2+ 46. Kd1 Kb2 47. Ke2 c3 48. Ke3 c2 49. Ke4 c1Q 50. Kxe5 Qc5+ 51. Ke4 Nc3+ 52. Kd3 Qd5+ 53. Ke3 Nd1+ 54. Ke2 Qb3 55. Kd2 Qe3+ 56. Kxd1 Kc3 57. h4 Qd2# 0-1

[Event "Andalucia-ch U08"]
[Site "Huelva"]
[Date "2014.04.27"]
[Round "8.4"]
[White "Sicilia Laino, Juan Diego"]
[Black "Perez Segura, Juan"]
[Result "1-0"]
[WhiteElo "1074"]
[BlackElo "1089"]
[PlyCount "41"]
[EventDate "2014.04.25"]
[EventType "swiss"]
[EventRounds "9"]
[EventCountry "ESP"]
[SourceTitle "EXT 2024"]
[Source "ChessBase"]
[SourceDate "2023.10.10"]
[SourceVersion "1"]
[SourceVersionDate "2023.10.10"]
[SourceQuality "1"]

1. e4 e5 2. Nf3 Nc6 3. Bc4 Be7 4. 0-0 Nf6 5. d3 0-0 6. Nc3 h6 7. Nh4 d6 8. Qf3 Bg4 9. Qg3 Qd7 10. h3 g5 11. hxg4 gxh4 12. Qxh4 Nxg4 13. Qg3 Bg5 14. Bxg5 hxg5 15. f3 Ne3 16. Qxg5+ Kh8 17. Qxe3 Nd4 18. Kf2 Kg8 19. Qg5+ Kh7 20. Rh1+ Qh3 21. Rxh3# 1-0